|
|
|
|
| LEADER |
00000nam0a2200000 4500 |
| 001 |
259015 |
| 005 |
20231101233340.0 |
| 035 |
|
|
|a (RuTPU)RU\TPU\book\281907
|
| 090 |
|
|
|a 259015
|
| 100 |
|
|
|a 20140429d1987 k y0rusy5003 ca
|
| 101 |
0 |
|
|a rus
|
| 102 |
|
|
|a RU
|
| 105 |
|
|
|a a z 001zb
|
| 200 |
1 |
|
|a Николай Андреевич Андреев, 1873-1932
|f Л. П. Трифонова
|
| 210 |
|
|
|a Ленинград
|c Художник РСФСР
|d 1987
|
| 215 |
|
|
|a 93,[3] с.
|c ил.
|
| 225 |
1 |
|
|a Массовая библиотека по искусству
|e МБИ
|
| 300 |
|
|
|a На обл. авт. не указан.
|
| 320 |
|
|
|a Библиогр. в примеч.: с. 93-94.
|
| 600 |
|
1 |
|a Андреев
|b Н. А.
|c советский скульптор
|c художник
|f 1873-1932
|g Николай Андреевич
|2 stltpush
|3 (RuTPU)RU\TPU\pers\26109
|9 11939
|
| 606 |
1 |
|
|a Скульпторы
|2 stltpush
|3 (RuTPU)RU\TPU\subj\55078
|9 73150
|
| 610 |
1 |
|
|a скульптура
|
| 610 |
1 |
|
|a графика
|
| 610 |
1 |
|
|a театрально-декорационное искусство
|
| 610 |
1 |
|
|a Россия
|
| 610 |
1 |
|
|a 20 век
|
| 610 |
1 |
|
|a искусство
|
| 610 |
1 |
|
|a история
|
| 610 |
1 |
|
|a персоналии
|
| 675 |
|
|
|a 73.071(092)
|v 3
|
| 700 |
|
1 |
|a Трифонова
|b Л. П.
|g Лариса Павловна
|4 070
|
| 801 |
|
0 |
|a RU
|b RuMRKP
|c 19950417
|g psbo
|
| 801 |
|
1 |
|a RU
|b 63413507
|c 20140429
|
| 801 |
|
2 |
|a RU
|b 63413507
|c 20160401
|g RCR
|
| 942 |
|
|
|c BK
|